Hazbin Hotel season 2 quiz - Statistics

General Stats
  • This quiz has been taken 287 times
  • The average score is 10 of 15
Answer Stats
Question Answer % Correct
Who was Alastor's soul owned by when he got to hell? Rosie
96%
What was Vincent's first shown job on TV? Weatherman
89%
Where is Alastor from? New Orleans
86%
Where is Valentino from? Florida
82%
What fish does Baxter look like? Anglerfish
80%
Who said: "I'm a good boy now" Sir Pentious
77%
What two words are sung by Nifty in English in the Japanese section of "Clean It Up"? Assholes; Trash
76%
"You swore not to lay your hands on Charlie, but you just couldn't help yourself, could you? You ____ ____, you're always doing that, and I hate it!" F*cking creep
71%
Which of these overlords joins Vox during the song "Bad With Us" Maestro
67%
In which episode does Vox say that Alastor doesn't have a tail? 4) It's a deal
64%
Who sung: "I'm the flood"? Vox
64%
Who said: "Sounds like a you problem, Vagine"? Alastor
57%
What is the shape of the top of Vincent's stick, the one he uses to cut his first victim's throat and then stab Bob. Bolt
54%
How many times does Angel say "Losin' streak" in Losin' Streak? Once
35%
Which one of Vincent's eyes is green? Which one of Vox's eyes can mind control? Vincent right; Vox left
33%
No matching quizzes found
Score Distribution
Percent of People with Each Score
Percentile by Number Answered
Your Score History
You have not taken this quiz